Subdivisions of Grenada - Statistics

General Stats
  • This quiz has been taken 8 times
  • The average score is 4 of 6
Answer Stats
Answer % Correct
Saint George
100%
Saint Andrew
67%
Saint John
67%
Saint Patrick
67%
Saint David
33%
Saint Mark
33%
No matching quizzes found
Score Distribution
Percent of People with Each Score
Percentile by Number Answered
Your Score History
You have not taken this quiz